Obchod pred rozvojom ekonomík

Po dvojročnej prestávke zasadala medzivládna Slovensko-maďarská komisia pre hospodársku spoluprácu. Prehľad slovensko-maďarských vzťahov. Vývoj zahraničného obchodu SR a MR. Komoditná skladba vývozu do Maďarska a dovozu z Maďarska. Skladba tovarových vývozov a dovozov. Pozitívna zmena v oblasti koop...

Descrizione completa

Salvato in:
Dettagli Bibliografici
Autore principale: Pinter, Gejza
Natura: Capitolo di libro
Lingua:slovacco
Soggetti:
Tags: Aggiungi Tag
Nessun Tag, puoi essere il primo ad aggiungerne!!

MARC

LEADER 00000naa a2200000 4500
001 r041072
005 20230920072624.0
041 0 |a slo 
044 |a SK 
245 1 0 |a Obchod pred rozvojom ekonomík  |c Gejza Pinter 
520 |a Po dvojročnej prestávke zasadala medzivládna Slovensko-maďarská komisia pre hospodársku spoluprácu. Prehľad slovensko-maďarských vzťahov. Vývoj zahraničného obchodu SR a MR. Komoditná skladba vývozu do Maďarska a dovozu z Maďarska. Skladba tovarových vývozov a dovozov. Pozitívna zmena v oblasti kooperácie spoločných investícií. 
610 2 0 |a vzťahy hospodárske medzinárodné 
610 2 0 |a vzťahy obchodné 
610 2 0 |a Slovensko 
610 2 0 |a Maďarsko 
610 2 0 |a obchod zahraničný 
610 2 0 |a dovoz 
610 2 0 |a vývoz 
610 2 0 |a komodity 
100 1 |a Pinter, Gejza